00350nam a2200121Ia 4500008004100000041000800041082001700049100001900066245004500085260005400130300003100184365001300215240624s9999 xx 000 0 und d aeng a658.3008 MAT aMATTHEWMAN JIM aRISE OF THE GLOBAL NOMAD HOW TO MANAGE T c2011aNew DelhibKogan Page India Private limited axvi, : 198 : p. : cm. ; 23 cRSb33.5